Crazy Number Logic Puzzle III Quiz Stats

Quiz Updated Jan 26, 2015

Challenge
Share
Tweet
Score 0/25 Timer 20:00
0 Plays Today
Hint Answer % Correct
A1





???
100%
A2





???
74.5%
A5





???
51.2%
E5





???
41.7%
B5





???
38.5%
C5





???
37.3%
D5





???
37%
B4





???
26.1%
A3





???
19.5%
B3





???
19.1%
C3





???
18.2%
E1





???
18.2%
D4





???
17.2%
Hint Answer % Correct
B1





???
16.4%
E2





???
16.2%
C2





???
16.1%
E3





???
15.8%
D1





???
15.4%
B2





???
14.5%
D2





???
13.8%
C1





???
12.6%
A4





???
12%
E4





???
11.5%
C4





???
9.6%
D3





???
8.3%

You're not logged in!

Compare scores with friends on all Sporcle quizzes.
Sign Up with Email
OR
Log In

You Might Also Like...

Show Comments

Extras

Top Quizzes Today


Score Distribution

Your Account Isn't Verified!

In order to create a playlist on Sporcle, you need to verify the email address you used during registration. Go to your Sporcle Settings to finish the process.